Szczegóły MARC21

Obligacje katastrofowe a reasekuracja w procesie zarządzania ryzykiem ubezpieczyciela /

003 -Nazwa inst., której nr kontr. jest w polu 001 [,]
    • @
    • Nazwa instytucji, której n kontrolny jest w polu 001
    • NUKAT
005 -DATA I CZAS OSTATNIEJ MODYFIKACJI [,]
    • @
    • pole kontrolne
    • 20241231112915.0
020 -Międzynarod. znormalizowany nr książki - ISBN [ , ]
    • a
    • Numer ISBN
    • 9788392317135 Find
040 -Instytucja sporządzająca opis [ , ]
    • a
    • Instytucja, która sporządziła opis (NP)
    • KR U/moz
    • c
    • Instytucja, która sporządziła rekord (NP)
    • KR U/moz
    • d
    • Instytucja, która zmodyfikowała rekord (P)
    • KR U/sid
    • d
    • Instytucja, która zmodyfikowała rekord (P)
    • WA U/88OBs
    • d
    • Instytucja, która zmodyfikowała rekord (P)
    • KR 93/MSs
942 -Rodzaj dokumentu [ , ]
    • c
    • Rodzaj dokumentu
    • Książka
100 -Hasło główne - nazwa osobowa [1, ]
    • a
    • Nazwa osobowa (NP)
    • Małek, Aleksandra.
    • 9
    • KHW
    • 45414
245 -Strefa tytułu i oznaczenia odpowiedzialności [1,0]
    • a
    • Tytuł
    • Obligacje katastrofowe a reasekuracja w procesie zarządzania ryzykiem ubezpieczyciela / Find
    • c
    • Pozostałe elementy strefy tytułu i oznaczenia odpowiedzialności (NP)
    • Aleksandra Małek ; Akademia Ekonomiczna im. Oskara Lange we Wrocławiu.
260 -Strefa adresu wydawniczego [ , ]
    • a
    • Miejsce wydania (P)
    • Warszawa :
    • b
    • Nazwa wydawcy (P)
    • Fundacja Warty i Kredyt Banku "Razem możemy więcej",
    • c
    • Data wydania (P)
    • 2007.
300 -Strefa opisu fizycznego [ , ]
    • a
    • Określenie formy książki i/lub objętość (NP)
    • 130 s. :
    • b
    • Oznaczenie ilustracji (NP)
    • il. ;
    • c
    • Format (NP)
    • 24 cm.
336 -Typ zawartości [ , ]
    • a
    • Termin opisujący typ zawartości
    • Tekst
    • b
    • Kod określający zawartość
    • txt
    • 2
    • Źródło (terminu i kodu)
    • rdacontent
337 -Typ mediów [ , ]
    • a
    • Tryb odtwarzania
    • Bez urządzenia pośredniczącego
    • b
    • Kod typu mediów
    • n
    • 2
    • Źródło (terminu i kodu)
    • rdamedia
338 -Typ/rodzaj nośnika [ , ]
    • a
    • Hasło opisujące typ nośnika
    • Wolumin
    • b
    • Kod typu nośnika
    • nc
    • 2
    • Źródło (terminu i kodu)
    • rdacarrier
500 -Uwaga ogólna [ , ]
    • a
    • Uwaga ogólna (NP)
    • Praca magisterska nagrodzona w IX edycji Konkursu Kredyt Banku S.A. i Towarzystwa Ubezpieczeń i Reasekuracji Warta S.A. na najlepsze prace magisterskie i doktorskie z dziedziny ubezpieczeń, bankowości i bancassurance.
504 -Uwaga dot. bibliogr. załącznikowej [ , ]
    • a
    • Uwaga dot. bibliografii załącznikowej
    • Bibliogr. s. 117-130.
080 -Uniwersalna Klasyfikacja Dziesiętna [ , ]
    • 2
    • Identyfikator wydania tablic
    • UDC-P058
    • 9
    • UKD
    • 3799
    • a
    • Symbol klasyfikacji
    • 368.029
    • b
    • Dopowiedzenie
    • Reasekuracja. Ryzyko ubezpieczeniowe.
    • 4
    • UKD2
    • 8288
    • x
    • Poddział wspólny
    • (043)
    • c
    • Dopowiedzenie poddz. wspólnego
    • (Prace dyplomowe. Rozprawy doktorskie. Dysertacje).
080 -Uniwersalna Klasyfikacja Dziesiętna [ , ]
    • 2
    • Identyfikator wydania tablic
    • UDC-P058
    • 9
    • UKD
    • 2172
    • a
    • Symbol klasyfikacji
    • 005.334
    • b
    • Dopowiedzenie
    • Zarządzanie. Czynniki negatywne. Zarządzanie ryzykiem. Zagrożenia. Kryzys. Niedobór. Konflikty. Reklamacje. Straty.
    • 4
    • UKD2
    • 8288
    • x
    • Poddział wspólny
    • (043)
    • c
    • Dopowiedzenie poddz. wspólnego
    • (Prace dyplomowe. Rozprawy doktorskie. Dysertacje).
080 -Uniwersalna Klasyfikacja Dziesiętna [ , ]
    • 2
    • Identyfikator wydania tablic
    • UDC-P058
    • 9
    • UKD
    • 3198
    • a
    • Symbol klasyfikacji
    • 336.763.3
    • b
    • Dopowiedzenie
    • Obligacje. Skrypty dłużne.
    • 4
    • UKD2
    • 8288
    • x
    • Poddział wspólny
    • (043)
    • c
    • Dopowiedzenie poddz. wspólnego
    • (Prace dyplomowe. Rozprawy doktorskie. Dysertacje).
080 -Uniwersalna Klasyfikacja Dziesiętna [ , ]
    • 2
    • Identyfikator wydania tablic
    • UDC-P058
    • 9
    • UKD
    • 4078
    • a
    • Symbol klasyfikacji
    • 519.86:336
    • b
    • Dopowiedzenie
    • Matematyka finansowa.
    • 4
    • UKD2
    • 8288
    • x
    • Poddział wspólny
    • (043)
    • c
    • Dopowiedzenie poddz. wspólnego
    • (Prace dyplomowe. Rozprawy doktorskie. Dysertacje).
650 -Hasło przedmiotowe [ ,7]
    • a
    • Hasło przedmiotowe
    • Ryzyko (ubezpieczenie)
    • v
    • Określnik formalny
    • rozprawy akademickie.
    • 2
    • Źródło terminu
    • kaba
    • 9
    • KHW
    • 368121
650 -Hasło przedmiotowe [ ,7]
    • a
    • Hasło przedmiotowe
    • Zarządzanie ryzykiem
    • v
    • Określnik formalny
    • rozprawy akademickie.
    • 2
    • Źródło terminu
    • kaba
    • 9
    • KHW
    • 368119
650 -Hasło przedmiotowe [ ,7]
    • a
    • Hasło przedmiotowe
    • Reasekuracja
    • v
    • Określnik formalny
    • rozprawy akademickie.
    • 2
    • Źródło terminu
    • kaba
    • 9
    • KHW
    • 368120
650 -Hasło przedmiotowe [ ,7]
    • a
    • Hasło przedmiotowe
    • Obligacje katastrofowe
    • v
    • Określnik formalny
    • rozprawy akademickie.
    • 2
    • Źródło terminu
    • kaba
    • 9
    • KHW
    • 368122
980 -Symbol UKD [ , ]
    • a
    • UKD
    • 368.029:005.334:338.763.3:519.86:336](043)
920 -ISBN [ , ]
    • a
    • ISBN
    • 978-83-923171-3-5 Find
Numer inwentarzowy Status udost. Lokalizacja Data inwentaryzacji
E.71653-2BE2008-12-29